What table tennis player? - Statistics

General Stats
  • This quiz has been taken 139 times
  • The average score is 6 of 11
Answer Stats
Nationality Hint Answer % Correct
Chinese 2 Time Men's Olympic Gold Medalist Ma Long
98%
Chinese The Current World No.1 (05/06/2024) Wang Chuqin
83%
Swedish 1992 Men's Olympic Gold Medalist Jan-Ove Waldner
74%
Swedish Silver Medalist at the 2021 Men's World Championships Truls Moregard
66%
Chinese Completed a Grand Slam in 445 days Zhang Jike
65%
German 2 Time Men's Olympic Bronze Medalist Dimitrij Ovtcharov
61%
Chinese 3 Time Men's Olympic Silver Medalist Wang Hao
60%
Austrian The last Non-Chinese player to win the Men's World Championships Werner Schlager
52%
Chinese Women's Gold Medalist at the 2021 World Championships Wang Manyu
41%
Hungarian The only man to win the World Championships 5 times Viktor Barna
20%
South Korean First Men's Olympic Gold Medalist Yoo Nam-Kyu
15%
No matching quizzes found
Score Distribution
Percent of People with Each Score
Percentile by Number Answered
Your Score History
You have not taken this quiz